000 00849nac a22002777a 4500
001 BR8403239
003 BR-BrBNA
005 20240105120044.0
008 230509b bl.|||m| |||| 00| 0 por d
040 _aBR-BrBNA
_bpor
_cBiblioteca Nacional de Agricultura
072 _aE30; E70
090 _a2110 BR8403239
110 1 _aInstituto de Cacau da Bahia, Salvador (Brasil)
_95984
245 1 _aRelatorio de atividades 1983 [Instituto de Cacau da Bahia, Brasil]
260 3 _aSalvador, BA (Brasil):
_c1984.
300 _a156 p.
490 _aRelatorio - Instituto de Cacau da Bahia (Brazil)
_v
_x
650 _aCACAU
650 _aDESENVOLVIMENTO AGRICOLA
650 _aMERCADO INTERNACIONAL
650 _aORCAMENTO
650 _aCOMERCIO
650 _aBAHIA
909 _a202312
_bLúcia Elande
_c55
_dLúcia Elande
942 _2AGRIS
_n0
_cMS
999 _c277723
_d277723